Normal view
MARC view
Entry Personal Name
001 - CONTROL NUMBER
- control field: 8838
003 - CONTROL NUMBER IDENTIFIER
- control field: BD-RjUL
005 - DATE AND TIME OF LATEST TRANSACTION
- control field: 20230907165306.0
008 - FIXED-LENGTH DATA ELEMENTS
- fixed length control field: 230907|| aca||aabn | a|a d
040 ## - CATALOGING SOURCE
- Original cataloging agency: BD-RjUL
- Transcribing agency: BD-RjUL
100 ## - HEADING--PERSONAL NAME
- Personal name: Kormokar, Provash, Kumar,Supervisor
670 ## - SOURCE DATA FOUND
- Source citation: Work cat.: (BD-RjUL)81867: Kundu, Ranjan Kumar 4234, Performances of machine learning and classical techniques in forecasting climatic variables in Rajshahi /, 2021